000 00720nam a2200265Ia 4500
003 OSt
005 20220928131219.0
006 a|||||r|||| 00| 0
007 ta
008 220927b |||||||| |||| 00| 0 eng d
024 _a68123
037 _cTextual
040 _aSDCL
_cSDCL
_beng
041 _2eng
_aeng
082 _aX:8, P6
100 _aWheelen Thomas L
_9413927
245 0 _aConcepts in strategic management and business policy
250 _a9
260 _aNew Delhi
_bPearson Education
_c2006
300 _axxiv,334p
_ccm.
650 _aManagement
700 _a Hunger J David
_9413928
942 _hX:8, P6
_cTEXL
_2CC
999 _c789954
_d789954